<?xml version="1.0" encoding="UTF-8"?>
<record
    xmlns:xsi="http://www.w3.org/2001/XMLSchema-instance"
    xsi:schemaLocation="http://www.loc.gov/MARC21/slim http://www.loc.gov/standards/marcxml/schema/MARC21slim.xsd"
    xmlns="http://www.loc.gov/MARC21/slim">

  <leader>04693cam a2200481 i 4500</leader>
  <controlfield tag="003">DO-SdBNP</controlfield>
  <controlfield tag="005">20250707112615.0</controlfield>
  <controlfield tag="007">ta</controlfield>
  <controlfield tag="008">751003s2000    sp            001 0 spa d</controlfield>
  <datafield tag="020" ind1=" " ind2=" ">
    <subfield code="a">9788446012221 (obra completa)</subfield>
  </datafield>
  <datafield tag="020" ind1=" " ind2=" ">
    <subfield code="a">9788446012146 (libro 1, tomo 1)</subfield>
  </datafield>
  <datafield tag="020" ind1=" " ind2=" ">
    <subfield code="a">9788446012153 (libro 1, tomo 2)</subfield>
  </datafield>
  <datafield tag="020" ind1=" " ind2=" ">
    <subfield code="a">9788446012160 (libro 1, tomo 3)</subfield>
  </datafield>
  <datafield tag="020" ind1=" " ind2=" ">
    <subfield code="a">9788446012177 (libro 2, tomo 1)</subfield>
  </datafield>
  <datafield tag="020" ind1=" " ind2=" ">
    <subfield code="a">9788446012184 (libro 2, tomo 2)</subfield>
  </datafield>
  <datafield tag="020" ind1=" " ind2=" ">
    <subfield code="a">9788446012191 (libro 3, tomo 1)</subfield>
  </datafield>
  <datafield tag="020" ind1=" " ind2=" ">
    <subfield code="a">9788446012207 (libro 3, tomo 2)</subfield>
  </datafield>
  <datafield tag="020" ind1=" " ind2=" ">
    <subfield code="a">9788446012214 (libro 3, tomo 3)</subfield>
  </datafield>
  <datafield tag="040" ind1=" " ind2=" ">
    <subfield code="a">DO-SdBNP</subfield>
    <subfield code="b">spa</subfield>
    <subfield code="c">BNPHU</subfield>
    <subfield code="e">rda</subfield>
  </datafield>
  <datafield tag="082" ind1=" " ind2=" ">
    <subfield code="a">331.1</subfield>
    <subfield code="b">M392e</subfield>
    <subfield code="2">22</subfield>
  </datafield>
  <datafield tag="100" ind1="1" ind2=" ">
    <subfield code="a">Marx, Karl,</subfield>
    <subfield code="d">1818-1883</subfield>
    <subfield code="9">30439</subfield>
  </datafield>
  <datafield tag="245" ind1="1" ind2="3">
    <subfield code="a">El capital :</subfield>
    <subfield code="b">Cr&#xED;tica de la econom&#xED;a pol&#xED;tica/</subfield>
    <subfield code="c">Karl Marx, ; traducci&#xF3;n Vicente Romano Garc&#xED;a </subfield>
  </datafield>
  <datafield tag="250" ind1=" " ind2=" ">
    <subfield code="a">2a. edici&#xF3;n </subfield>
  </datafield>
  <datafield tag="264" ind1=" " ind2="1">
    <subfield code="a">Madrid, Espa&#xF1;a :</subfield>
    <subfield code="b">Akal ediciones, </subfield>
    <subfield code="c">2000.</subfield>
  </datafield>
  <datafield tag="264" ind1=" " ind2="3">
    <subfield code="c">2018. 5ta. reimpresi&#xF3;n.</subfield>
  </datafield>
  <datafield tag="300" ind1=" " ind2=" ">
    <subfield code="a">8 volumenes</subfield>
    <subfield code="c">18 cm.</subfield>
  </datafield>
  <datafield tag="336" ind1=" " ind2=" ">
    <subfield code="2">rdacontent</subfield>
    <subfield code="a">texto</subfield>
    <subfield code="b">txt</subfield>
  </datafield>
  <datafield tag="337" ind1=" " ind2=" ">
    <subfield code="2">rdamedia</subfield>
    <subfield code="a">sin mediaci&#xF3;n </subfield>
    <subfield code="b">n</subfield>
  </datafield>
  <datafield tag="338" ind1=" " ind2=" ">
    <subfield code="2">rdacarrier</subfield>
    <subfield code="a">volumen</subfield>
    <subfield code="b">nc</subfield>
  </datafield>
  <datafield tag="490" ind1="1" ind2=" ">
    <subfield code="a">B&#xE1;sica de bolsillo</subfield>
    <subfield code="v">48 libro 1, tomo 1</subfield>
    <subfield code="v">49 libro 1, tomo 2</subfield>
    <subfield code="v">50 libro 1, tomo 3</subfield>
    <subfield code="v">51 libro 2, tomo 1</subfield>
    <subfield code="v">52 libro 2, tomo 2</subfield>
    <subfield code="v">53 libro 3, tomo 1</subfield>
    <subfield code="v">54 libro 3, tomo 2</subfield>
    <subfield code="v">55 libro 3, tomo 3</subfield>
  </datafield>
  <datafield tag="500" ind1=" " ind2=" ">
    <subfield code="a">La biblioteca posee la 5ta. reimpresi&#xF3;n del 2018.</subfield>
  </datafield>
  <datafield tag="504" ind1=" " ind2=" ">
    <subfield code="a">Incluye notas y bibliograf&#xED;as a pie de p&#xE1;ginas </subfield>
  </datafield>
  <datafield tag="505" ind1="2" ind2=" ">
    <subfield code="a">Libro 1, tomo del 1 al 3 --</subfield>
    <subfield code="t">Nota preliminar del traductor, 7. --</subfield>
    <subfield code="t">Pr&#xF3;logo a la primera edici&#xF3;n alemana, 15. --</subfield>
    <subfield code="t">Ep&#xED;logo a la segunda edici&#xF3;n alemana, 21 --</subfield>
    <subfield code="t">Pr&#xF3;logo y ep&#xED;logo a la edici&#xF3;n francesa, 33. -- </subfield>
    <subfield code="t">Pr&#xF3;logo a la tercera edici&#xF3;n francesa, 35. --</subfield>
    <subfield code="t">Pr&#xF3;logo a la edici&#xF3;n inglesa, 39. --</subfield>
    <subfield code="t">Pr&#xF3;logo a la cuarta edici&#xF3;n alemana, 45. --</subfield>
    <subfield code="g">LIBRO PRIMERO:  El proceso de producci&#xF3;n del capital --</subfield>
    <subfield code="g">Secci&#xF3;n primera --</subfield>
    <subfield code="t">Mercanc&#xED;a y dinero --</subfield>
    <subfield code="g">Secci&#xF3;n segunda --</subfield>
    <subfield code="t">La transformaci&#xF3;n del dinero en capital --</subfield>
    <subfield code="g">Secci&#xF3;n tercera --</subfield>
    <subfield code="t">La producci&#xF3;n de la plusval&#xED;a absoluta --</subfield>
    <subfield code="g">Secci&#xF3;n cuarta --</subfield>
    <subfield code="t">La producci&#xF3;n de la plusval&#xED;a relativa -- </subfield>
    <subfield code="g">Secci&#xF3;n quinta --</subfield>
    <subfield code="t">La producci&#xF3;n de la plusval&#xED;a absoluta y relativa --</subfield>
    <subfield code="g">Secci&#xF3;n sexta --</subfield>
    <subfield code="t">El salario --</subfield>
    <subfield code="g">Secci&#xF3;n s&#xE9;ptima --</subfield>
    <subfield code="t">El proceso de acumulaci&#xF3;n del capital /</subfield>
  </datafield>
  <datafield tag="505" ind1="2" ind2=" ">
    <subfield code="a">Libro 2, tomo del 1 y 2 </subfield>
    <subfield code="t">Pr&#xF3;logo --</subfield>
    <subfield code="t">Pr&#xF3;logo a la segunda edici&#xF3;n --</subfield>
    <subfield code="g">Libro segundo: El proceso de circulaci&#xF3;n del capital --</subfield>
    <subfield code="g">Secci&#xF3;n primera --</subfield>
    <subfield code="t">La metamorfosis del capital y su ciclo --</subfield>
    <subfield code="g">Secci&#xF3;n segunda --</subfield>
    <subfield code="t">La rotaci&#xF3;n del capital --</subfield>
    <subfield code="g">Secci&#xF3;n tercera --</subfield>
    <subfield code="t">Reproducci&#xF3;n y circulaci&#xF3;n del capital social global --</subfield>
  </datafield>
  <datafield tag="505" ind1="2" ind2=" ">
    <subfield code="a">Libro 3, tomo del 1 al 3 --</subfield>
    <subfield code="t">Pr&#xF3;logo --</subfield>
    <subfield code="g">Libro tercero: El proceso global de la producci&#xF3;n capitalista --</subfield>
    <subfield code="g">Secci&#xF3;n primera --</subfield>
    <subfield code="t">La transformaci&#xF3;n de la plusval&#xED;a en ganancia y de la cuota de plusval&#xED;a en cuota de ganancia --</subfield>
    <subfield code="g">Secci&#xF3;n segunda --</subfield>
    <subfield code="t">La transformaci&#xF3;n de la ganancia en ganancia media --</subfield>
    <subfield code="g">Secci&#xF3;n tercera --</subfield>
    <subfield code="t">Ley de la tendencia decreciente de la cuota de ganancia --</subfield>
    <subfield code="g">Secci&#xF3;n cuarta --</subfield>
    <subfield code="t">Transformaci&#xF3;n del capital mercantil y del capital monetario en capital para el comercio de mercanc&#xED;as y capital para el comercio de dinero (capital comercial) --</subfield>
    <subfield code="g">Secci&#xF3;n quinta --</subfield>
    <subfield code="t">Divisi&#xF3;n de la ganancia en inter&#xE9;s y ganancia de empresario -- </subfield>
    <subfield code="g">Secci&#xF3;n sexta --</subfield>
    <subfield code="t">Divisi&#xF3;n de la ganancia en inter&#xE9;s y ganancia de empresario --</subfield>
    <subfield code="g">Secci&#xF3;n s&#xE9;ptima --</subfield>
    <subfield code="t">Las rentas y sus fuentes /</subfield>
  </datafield>
  <datafield tag="520" ind1=" " ind2=" ">
    <subfield code="a">Esta versi&#xF3;n castellana en ocho vol&#xFA;menes de la obra cumbre de Marx est&#xE1; traducida directamente del original alem&#xE1;n. Se ha tomado como base la edici&#xF3;n Dietz de Berl&#xED;n, cuidadosamente preparada y cotejada con las anteriores por los grupos de trabajo de los institutos de Marxismo- de Berl&#xED;n y Mosc&#xFA;. Tambi&#xE9;n se han tenido en cuenta la traducci&#xF3;n francesa de J. Roy, revisada por el mismo Marx, y las versiones italianas de Editori Riuniti y Castellana de W. Roces, F.C.E. (M&#xE9;xico), entre otras. Los &#xED;ndices y ap&#xE9;ndices que acompa&#xF1;an esta versi&#xF3;n de El Capital contribuyen de un modo notable a la r&#xE1;pida orientaci&#xF3;n y mejor comprensi&#xF3;n del libro. A pesar de su fama de dif&#xED;cil, la obra resulta asequible a todo tipo de lectores, que descubrir&#xE1;n a trav&#xE9;s de sus esclarecedoras p&#xE1;ginas la vigencia de uno de los cl&#xE1;sicos indiscutibles del pensamiento pol&#xED;tico y econ&#xF3;mico moderno, que mantiene intacta su virtualidad y la profundidad de su an&#xE1;lisis como en la &#xE9;poca de su redacci&#xF3;n.   </subfield>
  </datafield>
  <datafield tag="590" ind1=" " ind2=" ">
    <subfield code="a">Inventariado, 2023/ YL</subfield>
  </datafield>
  <datafield tag="650" ind1=" " ind2="0">
    <subfield code="a">Capital</subfield>
    <subfield code="9">3797</subfield>
  </datafield>
  <datafield tag="650" ind1=" " ind2="0">
    <subfield code="a">Economia </subfield>
    <subfield code="9">85383</subfield>
  </datafield>
  <datafield tag="700" ind1="1" ind2=" ">
    <subfield code="a">Romano Garc&#xED;a, Vicente</subfield>
    <subfield code="e">traducci&#xF3;n</subfield>
    <subfield code="9">42669</subfield>
  </datafield>
  <datafield tag="910" ind1=" " ind2=" ">
    <subfield code="a">Ylockward</subfield>
  </datafield>
  <datafield tag="942" ind1=" " ind2=" ">
    <subfield code="2">ddc</subfield>
    <subfield code="c">LBS1</subfield>
  </datafield>
  <datafield tag="952" ind1=" " ind2=" ">
    <subfield code="0">0</subfield>
    <subfield code="1">0</subfield>
    <subfield code="2">ddc</subfield>
    <subfield code="5">6</subfield>
    <subfield code="7">0</subfield>
    <subfield code="8">GR</subfield>
    <subfield code="a">BNPHU</subfield>
    <subfield code="b">BNPHU</subfield>
    <subfield code="c">CT</subfield>
    <subfield code="d">2019-02-02</subfield>
    <subfield code="e">Librer&#xED;a Cuesta</subfield>
    <subfield code="l">0</subfield>
    <subfield code="o">BNPHU GR 331.1 M392e</subfield>
    <subfield code="p">2023-6769</subfield>
    <subfield code="r">2023-10-09</subfield>
    <subfield code="t">libro 1, tomo 1</subfield>
    <subfield code="w">2023-10-09</subfield>
    <subfield code="y">LBS1</subfield>
  </datafield>
  <datafield tag="952" ind1=" " ind2=" ">
    <subfield code="0">0</subfield>
    <subfield code="1">0</subfield>
    <subfield code="2">ddc</subfield>
    <subfield code="5">6</subfield>
    <subfield code="7">0</subfield>
    <subfield code="8">GR</subfield>
    <subfield code="a">BNPHU</subfield>
    <subfield code="b">BNPHU</subfield>
    <subfield code="c">CT</subfield>
    <subfield code="d">2019-02-02</subfield>
    <subfield code="e">Librer&#xED;a Cuesta</subfield>
    <subfield code="l">0</subfield>
    <subfield code="o">BNPHU GR 331.1 M392e</subfield>
    <subfield code="p">2023-6770</subfield>
    <subfield code="r">2023-10-09</subfield>
    <subfield code="t">libro 1, tomo 1, e. 2</subfield>
    <subfield code="w">2023-10-09</subfield>
    <subfield code="y">LBS1</subfield>
  </datafield>
  <datafield tag="952" ind1=" " ind2=" ">
    <subfield code="0">0</subfield>
    <subfield code="1">0</subfield>
    <subfield code="2">ddc</subfield>
    <subfield code="5">6</subfield>
    <subfield code="7">0</subfield>
    <subfield code="8">GR</subfield>
    <subfield code="a">BNPHU</subfield>
    <subfield code="b">BNPHU</subfield>
    <subfield code="c">CT</subfield>
    <subfield code="d">2019-02-02</subfield>
    <subfield code="e">Librer&#xED;a Cuesta</subfield>
    <subfield code="l">0</subfield>
    <subfield code="o">BNPHU GR 331.1 M392e</subfield>
    <subfield code="p">2023-6771</subfield>
    <subfield code="r">2023-10-09</subfield>
    <subfield code="t">libro 1, tomo 2</subfield>
    <subfield code="w">2023-10-09</subfield>
    <subfield code="y">LBS1</subfield>
  </datafield>
  <datafield tag="952" ind1=" " ind2=" ">
    <subfield code="0">0</subfield>
    <subfield code="1">0</subfield>
    <subfield code="2">ddc</subfield>
    <subfield code="5">6</subfield>
    <subfield code="7">0</subfield>
    <subfield code="8">GR</subfield>
    <subfield code="a">BNPHU</subfield>
    <subfield code="b">BNPHU</subfield>
    <subfield code="c">CT</subfield>
    <subfield code="d">2019-02-02</subfield>
    <subfield code="e">Librer&#xED;a Cuesta</subfield>
    <subfield code="l">0</subfield>
    <subfield code="o">BNPHU GR 331.1 M392e</subfield>
    <subfield code="p">2023-6772</subfield>
    <subfield code="r">2023-10-09</subfield>
    <subfield code="t">libro 1, tomo 2, e. 2</subfield>
    <subfield code="w">2023-10-09</subfield>
    <subfield code="y">LBS1</subfield>
  </datafield>
  <datafield tag="952" ind1=" " ind2=" ">
    <subfield code="0">0</subfield>
    <subfield code="1">0</subfield>
    <subfield code="2">ddc</subfield>
    <subfield code="5">6</subfield>
    <subfield code="7">0</subfield>
    <subfield code="8">GR</subfield>
    <subfield code="a">BNPHU</subfield>
    <subfield code="b">BNPHU</subfield>
    <subfield code="c">CT</subfield>
    <subfield code="d">2019-02-02</subfield>
    <subfield code="e">Librer&#xED;a Cuesta</subfield>
    <subfield code="l">0</subfield>
    <subfield code="o">BNPHU GR 331.1 M392e</subfield>
    <subfield code="p">2023-6773</subfield>
    <subfield code="r">2023-10-09</subfield>
    <subfield code="t">libro 1, tomo 3</subfield>
    <subfield code="w">2023-10-09</subfield>
    <subfield code="y">LBS1</subfield>
  </datafield>
  <datafield tag="952" ind1=" " ind2=" ">
    <subfield code="0">0</subfield>
    <subfield code="1">0</subfield>
    <subfield code="2">ddc</subfield>
    <subfield code="5">6</subfield>
    <subfield code="7">0</subfield>
    <subfield code="8">GR</subfield>
    <subfield code="a">BNPHU</subfield>
    <subfield code="b">BNPHU</subfield>
    <subfield code="c">CT</subfield>
    <subfield code="d">2019-02-02</subfield>
    <subfield code="e">Librer&#xED;a Cuesta</subfield>
    <subfield code="l">0</subfield>
    <subfield code="o">BNPHU GR 331.1 M392e</subfield>
    <subfield code="p">2023-6774</subfield>
    <subfield code="r">2023-10-09</subfield>
    <subfield code="t">libro 1, tomo 3, e. 2</subfield>
    <subfield code="w">2023-10-09</subfield>
    <subfield code="y">LBS1</subfield>
  </datafield>
  <datafield tag="952" ind1=" " ind2=" ">
    <subfield code="0">0</subfield>
    <subfield code="1">0</subfield>
    <subfield code="2">ddc</subfield>
    <subfield code="5">6</subfield>
    <subfield code="7">0</subfield>
    <subfield code="8">GR</subfield>
    <subfield code="a">BNPHU</subfield>
    <subfield code="b">BNPHU</subfield>
    <subfield code="c">CT</subfield>
    <subfield code="d">2019-02-02</subfield>
    <subfield code="e">Librer&#xED;a Cuesta</subfield>
    <subfield code="l">0</subfield>
    <subfield code="o">BNPHU GR 331.1 M392e</subfield>
    <subfield code="p">2023-6775</subfield>
    <subfield code="r">2023-10-09</subfield>
    <subfield code="t">libro 2, tomo 1</subfield>
    <subfield code="w">2023-10-09</subfield>
    <subfield code="y">LBS1</subfield>
  </datafield>
  <datafield tag="952" ind1=" " ind2=" ">
    <subfield code="0">0</subfield>
    <subfield code="1">0</subfield>
    <subfield code="2">ddc</subfield>
    <subfield code="5">6</subfield>
    <subfield code="7">0</subfield>
    <subfield code="8">GR</subfield>
    <subfield code="a">BNPHU</subfield>
    <subfield code="b">BNPHU</subfield>
    <subfield code="c">CT</subfield>
    <subfield code="d">2019-02-02</subfield>
    <subfield code="e">Librer&#xED;a Cuesta</subfield>
    <subfield code="l">0</subfield>
    <subfield code="o">BNPHU GR 331.1 M392e</subfield>
    <subfield code="p">2023-6776</subfield>
    <subfield code="r">2023-10-09</subfield>
    <subfield code="t">libro 2, tomo 1, e. 2</subfield>
    <subfield code="w">2023-10-09</subfield>
    <subfield code="y">LBS1</subfield>
  </datafield>
  <datafield tag="952" ind1=" " ind2=" ">
    <subfield code="0">0</subfield>
    <subfield code="1">0</subfield>
    <subfield code="2">ddc</subfield>
    <subfield code="5">6</subfield>
    <subfield code="7">0</subfield>
    <subfield code="8">GR</subfield>
    <subfield code="a">BNPHU</subfield>
    <subfield code="b">BNPHU</subfield>
    <subfield code="c">CT</subfield>
    <subfield code="d">2019-02-02</subfield>
    <subfield code="e">Librer&#xED;a Cuesta</subfield>
    <subfield code="l">0</subfield>
    <subfield code="o">BNPHU GR 331.1 M392e</subfield>
    <subfield code="p">2023-6777</subfield>
    <subfield code="r">2023-10-09</subfield>
    <subfield code="t">libro 2, tomo 2</subfield>
    <subfield code="w">2023-10-09</subfield>
    <subfield code="y">LBS1</subfield>
  </datafield>
  <datafield tag="952" ind1=" " ind2=" ">
    <subfield code="0">0</subfield>
    <subfield code="1">0</subfield>
    <subfield code="2">ddc</subfield>
    <subfield code="5">6</subfield>
    <subfield code="7">0</subfield>
    <subfield code="8">GR</subfield>
    <subfield code="a">BNPHU</subfield>
    <subfield code="b">BNPHU</subfield>
    <subfield code="c">CT</subfield>
    <subfield code="d">2019-02-02</subfield>
    <subfield code="e">Librer&#xED;a Cuesta</subfield>
    <subfield code="l">0</subfield>
    <subfield code="o">BNPHU GR 331.1 M392e</subfield>
    <subfield code="p">2023-6778</subfield>
    <subfield code="r">2023-10-09</subfield>
    <subfield code="t">libro 2, tomo 2, e. 2</subfield>
    <subfield code="w">2023-10-09</subfield>
    <subfield code="y">LBS1</subfield>
  </datafield>
  <datafield tag="952" ind1=" " ind2=" ">
    <subfield code="0">0</subfield>
    <subfield code="1">0</subfield>
    <subfield code="2">ddc</subfield>
    <subfield code="5">6</subfield>
    <subfield code="7">0</subfield>
    <subfield code="8">GR</subfield>
    <subfield code="a">BNPHU</subfield>
    <subfield code="b">BNPHU</subfield>
    <subfield code="c">CT</subfield>
    <subfield code="d">2019-02-02</subfield>
    <subfield code="e">Librer&#xED;a Cuesta</subfield>
    <subfield code="l">0</subfield>
    <subfield code="o">BNPHU GR 331.1 M392e</subfield>
    <subfield code="p">2023-6779</subfield>
    <subfield code="r">2023-10-09</subfield>
    <subfield code="t">libro 3, tomo 1</subfield>
    <subfield code="w">2023-10-09</subfield>
    <subfield code="y">LBS1</subfield>
  </datafield>
  <datafield tag="952" ind1=" " ind2=" ">
    <subfield code="0">0</subfield>
    <subfield code="1">0</subfield>
    <subfield code="2">ddc</subfield>
    <subfield code="5">6</subfield>
    <subfield code="7">0</subfield>
    <subfield code="8">GR</subfield>
    <subfield code="a">BNPHU</subfield>
    <subfield code="b">BNPHU</subfield>
    <subfield code="c">CT</subfield>
    <subfield code="d">2019-02-02</subfield>
    <subfield code="e">Librer&#xED;a Cuesta</subfield>
    <subfield code="l">0</subfield>
    <subfield code="o">BNPHU GR 331.1 M392e</subfield>
    <subfield code="p">2023-6780</subfield>
    <subfield code="r">2023-10-09</subfield>
    <subfield code="t">libro 3, tomo 1, e. 2</subfield>
    <subfield code="w">2023-10-09</subfield>
    <subfield code="y">LBS1</subfield>
  </datafield>
  <datafield tag="952" ind1=" " ind2=" ">
    <subfield code="0">0</subfield>
    <subfield code="1">0</subfield>
    <subfield code="2">ddc</subfield>
    <subfield code="5">6</subfield>
    <subfield code="7">0</subfield>
    <subfield code="8">GR</subfield>
    <subfield code="a">BNPHU</subfield>
    <subfield code="b">BNPHU</subfield>
    <subfield code="c">CT</subfield>
    <subfield code="d">2019-02-02</subfield>
    <subfield code="e">Librer&#xED;a Cuesta</subfield>
    <subfield code="l">0</subfield>
    <subfield code="o">BNPHU GR 331.1 M392e</subfield>
    <subfield code="p">2023-6781</subfield>
    <subfield code="r">2023-10-09</subfield>
    <subfield code="t">libro 3, tomo 2</subfield>
    <subfield code="w">2023-10-09</subfield>
    <subfield code="y">LBS1</subfield>
  </datafield>
  <datafield tag="952" ind1=" " ind2=" ">
    <subfield code="0">0</subfield>
    <subfield code="1">0</subfield>
    <subfield code="2">ddc</subfield>
    <subfield code="5">6</subfield>
    <subfield code="7">0</subfield>
    <subfield code="8">GR</subfield>
    <subfield code="a">BNPHU</subfield>
    <subfield code="b">BNPHU</subfield>
    <subfield code="c">CT</subfield>
    <subfield code="d">2019-02-02</subfield>
    <subfield code="e">Librer&#xED;a Cuesta</subfield>
    <subfield code="l">0</subfield>
    <subfield code="o">BNPHU GR 331.1 M392e</subfield>
    <subfield code="p">2023-6782</subfield>
    <subfield code="r">2023-10-09</subfield>
    <subfield code="t">libro 3, tomo 2, e. 2</subfield>
    <subfield code="w">2023-10-09</subfield>
    <subfield code="y">LBS1</subfield>
  </datafield>
  <datafield tag="952" ind1=" " ind2=" ">
    <subfield code="0">0</subfield>
    <subfield code="1">0</subfield>
    <subfield code="2">ddc</subfield>
    <subfield code="5">6</subfield>
    <subfield code="7">0</subfield>
    <subfield code="8">GR</subfield>
    <subfield code="a">BNPHU</subfield>
    <subfield code="b">BNPHU</subfield>
    <subfield code="c">CT</subfield>
    <subfield code="d">2019-02-02</subfield>
    <subfield code="e">Librer&#xED;a Cuesta</subfield>
    <subfield code="l">0</subfield>
    <subfield code="o">BNPHU GR 331.1 M392e</subfield>
    <subfield code="p">2023-6783</subfield>
    <subfield code="r">2023-10-09</subfield>
    <subfield code="t">libro 3, tomo 3</subfield>
    <subfield code="w">2023-10-09</subfield>
    <subfield code="y">LBS1</subfield>
  </datafield>
  <datafield tag="952" ind1=" " ind2=" ">
    <subfield code="0">0</subfield>
    <subfield code="1">0</subfield>
    <subfield code="2">ddc</subfield>
    <subfield code="5">6</subfield>
    <subfield code="7">0</subfield>
    <subfield code="8">GR</subfield>
    <subfield code="a">BNPHU</subfield>
    <subfield code="b">BNPHU</subfield>
    <subfield code="c">CT</subfield>
    <subfield code="d">2019-02-02</subfield>
    <subfield code="e">Librer&#xED;a Cuesta</subfield>
    <subfield code="l">0</subfield>
    <subfield code="o">BNPHU GR 331.1 M392e</subfield>
    <subfield code="p">2023-6824</subfield>
    <subfield code="r">2023-10-10</subfield>
    <subfield code="t">libro 3, tomo 3, e. 2</subfield>
    <subfield code="w">2023-10-09</subfield>
    <subfield code="y">LBS1</subfield>
  </datafield>
  <datafield tag="999" ind1=" " ind2=" ">
    <subfield code="c">55119</subfield>
    <subfield code="d">55119</subfield>
  </datafield>
</record>
